00401 a2200145 4500001000700000040002200007041001600029082002300045100008400068245004600152250000700198260002900205300000800234362001300242143957 cLeonardo Da Vinci aPortuguês aAP469.5 C35pbC35p aCASTRO, Dácio Antonio deaTEIXEIRA, Ivan PradoaRAMOS JUNIOR, José de Paula aPortuguês 2 - literatura Iblivro texto aLT bAngloc2001aSão Paulo a128 a20100322